Who pays for green? (Record no. 109275)

MARC details
000 -LEADER
fixed length control field 01846cad a22002655a 4500
001 - CONTROL NUMBER
control field L146742
008 - FIXED-LENGTH DATA ELEMENTS--GENERAL INFORMATION
fixed length control field 090223s2009 xxkd f 000 0 eng d
035 ## - SYSTEM CONTROL NUMBER
System control number (Sirsi) u146742
041 0# - LANGUAGE CODE
Language code of text/sound track or separate title eng
050 04 - LIBRARY OF CONGRESS CALL NUMBER
Classification number 333.72 $2 18
110 2# - MAIN ENTRY--CORPORATE NAME
Corporate name or jurisdiction name as entry element CB Richard Ellis
9 (RLIN) 3675
245 00 - TITLE STATEMENT
Title Who pays for green?
Remainder of title the economics of sustainable buildings
Medium [electronic resource]
260 ## - PUBLICATION, DISTRIBUTION, ETC.
Place of publication, distribution, etc. [S.l.]
Name of publisher, distributor, etc. CBRE
Date of publication, distribution, etc. 2009
505 2# - FORMATTED CONTENTS NOTE
Formatted contents note Introduction -- Executive summary -- Why all the fuss? -- The economics of green buildings -- Conclusions -- References -- Appendix 1: Environmental assessment methods: BREEAM and LEED
520 ## - SUMMARY, ETC.
Summary, etc. Research on the commercial payback value of developing sustainable corporate buildings in comparison to the costs. Analyses the measurement tools checking buildings' energy efficiency. Compares production costs and levels of rent of sustainable buildings to conventional ones. Finds that less than 15% of extra costs are necessary to reach the most demanding level of building sustainability, the zero carbon emission building, which is much higher than the levels required by BRE Environmental Assessment Method (BREEAM) and Leadership In Energy And Environmental Design (LEED). Suggests that in the future, more evidence in rent levels, running costs and investment costs of sustainable buildings will increase their development and occupation.
521 ## - TARGET AUDIENCE NOTE
Target audience note Advanced
590 ## - LOCAL NOTE (RLIN)
Local note KA NTK
650 24 - SUBJECT ADDED ENTRY--TOPICAL TERM
Topical term or geographic name entry element COMMERCIAL ENERGY PERFORMANCE CERTIFICATES
650 24 - SUBJECT ADDED ENTRY--TOPICAL TERM
Topical term or geographic name entry element BRE ENVIRONMENTAL ASSESSMENT METHOD (BREEAM)
650 24 - SUBJECT ADDED ENTRY--TOPICAL TERM
Topical term or geographic name entry element LEADERSHIP IN ENERGY AND ENVIRONMENTAL DESIGN (LEED) GREEN BUILDING RATING SYSTEM
651 #4 - SUBJECT ADDED ENTRY--GEOGRAPHIC NAME
Geographic name United Kingdom
Chronological subdivision
690 ## - LOCAL SUBJECT ADDED ENTRY--TOPICAL TERM (OCLC, RLIN)
Topical term or geographic name as entry element BUILT ENVIRONMENT-SUSTAINABLE CONSTRUCTION
856 40 - ELECTRONIC LOCATION AND ACCESS
Uniform Resource Identifier <a href="https://www.cbre.co.uk/uk_en/research/special_reports">https://www.cbre.co.uk/uk_en/research/special_reports</a>
Public note View this item free of charge at www.cbre.co.uk...
942 ## - ADDED ENTRY ELEMENTS (KOHA)
Suppress in OPAC 0
Holdings
Withdrawn status Lost status Source of classification or shelving scheme Damaged status Not for loan Home library Current library Shelving location Date acquired Total Checkouts Full call number Barcode Date last seen Copy number Price effective from Koha item type
    Dewey Decimal Classification     Virtual Virtual Online 23/02/2009   ONLINE PUBLICATION 146742-2001 06/08/2019 1 06/08/2019 Book